Diversity and leadership
Saved in:
| Main Author: | |
|---|---|
| Format: | Book |
| Language: | English |
| Published: |
Sage Publications
2015
|
| Tags: |
Add Tag
No Tags, Be the first to tag this record!
|
MARC
| LEADER | 00000nam a22000007a 4500 | ||
|---|---|---|---|
| 008 | 201218b ||||| |||| 00| 0 eng d | ||
| 020 | |a 978-1-4522-5789-1 | ||
| 100 | |a CHIN, Jean Lau. | ||
| 245 | |a Diversity and leadership |c Jean Lau Chin, Joseph E. Trimble |g xvii: 320p. | ||
| 260 | |b Sage Publications |c 2015 |h Los Angeles |i 693397 |i 693398 |l HM1261 .C44 |m Leadership. |m Leadership – Cross-cultural studies |m Minorities. | ||
| 942 | |a lcc |c BK |e YUNUSA, A.A. |f 18/12/2020 | ||
| 952 | |0 0 |1 0 |2 lcc |4 0 |6 HM1261 C44 |7 0 |9 813 |a HOL |b MPL |c GJ |d 2020-12-18 |l 0 |o HM1261 .C44 |p 2020-230027 |r 2020-12-18 00:00:00 |w 2020-12-18 |y BK | ||
| 952 | |0 0 |1 0 |2 lcc |4 0 |6 HM1261 C44 |7 0 |9 814 |a HOL |b HOL |c GJ |d 2020-12-18 |l 0 |o HM1261 .C44 |p 2020-230028 |r 2020-12-18 00:00:00 |w 2020-12-18 |y BK | ||
| 999 | |c 455 |d 455 | ||